[Event "Warsaw YMCA Winter-B 237th"]
[Site "Warsaw"]
[Date "2021.02.24"]
[Round "6"]
[White "Leszczynski, Bartosz"]
[Black "Mazurek, Jerzy"]
[Result "1/2-1/2"]
[WhiteElo "1841"]
[BlackElo "1704"]
[PlyCount "98"]
[EventDate "2021.01.21"]
[EventType "tourn"]
[EventRounds "11"]
[EventCountry "POL"]
[SourceTitle "EXT 2022"]
[Source "ChessBase"]
[SourceDate "2021.10.06"]
[SourceVersion "1"]
[SourceVersionDate "2021.10.06"]
[SourceQuality "1"]

1. d4 Nf6 2. Bf4 g6 3. Nc3 d5 4. e3 Bg7 5. h4 a6 6. Be2 h5 7. Nf3 c5 8. Ne5 cxd4 9. exd4 Nc6 10. Qd2 Bf5 11. f3 Rc8 12. g4 hxg4 13. fxg4 Ne4 14. Qe3 Nxc3 15. bxc3 Bxc2 16. h5 Be4 17. 0-0 Bxe5 18. dxe5 Qd7 19. c4 gxh5 20. cxd5 Bxd5 21. gxh5 Nb4 22. Qg3 Qf5 23. Bg4 Qh7 24. Bxc8 Rg8 25. Bg4 Be6 26. Bxe6 Rxg3+ 27. Bxg3 fxe6 28. Rf4 Nd5 29. Rh4 Qh6 30. Rf1 Qg5 31. Rf3 Qh6 32. Kh2 b5 33. Be1 Ne3 34. Bd2 Nf1+ 35. Rxf1 Qxd2+ 36. Kh3 Qe3+ 37. Kg4 Qe4+ 38. Kh3 Qe3+ 39. Kg4 Qe2+ 40. Rf3 Qe4+ 41. Kg3 Qxe5+ 42. Rff4 Qe1+ 43. Kh3 Qh1+ 44. Kg3 Qg1+ 45. Kf3 e5 46. Rfg4 Qf1+ 47. Kg3 Qg1+ 48. Kf3 Qf1+ 49. Kg3 Qg1+ 1/2-1/2

[Event "Warsaw YMCA Winter-B 237th"]
[Site "Warsaw"]
[Date "2021.02.18"]
[Round "5"]
[White "Mazurek, Jerzy"]
[Black "Prus, Marek"]
[Result "1-0"]
[WhiteElo "1704"]
[BlackElo "1705"]
[PlyCount "79"]
[EventDate "2021.01.21"]
[EventType "tourn"]
[EventRounds "11"]
[EventCountry "POL"]
[SourceTitle "EXT 2022"]
[Source "ChessBase"]
[SourceDate "2021.10.06"]
[SourceVersion "1"]
[SourceVersionDate "2021.10.06"]
[SourceQuality "1"]

1. d4 Nf6 2. c4 g6 3. Nc3 Bg7 4. e4 d6 5. h3 0-0 6. Be3 Na6 7. g4 c5 8. Nge2 Qa5 9. Qd2 cxd4 10. Nxd4 Nc5 11. Bg2 e5 12. Nc2 Qd8 13. 0-0 b6 14. Rfd1 Bb7 15. Bxc5 dxc5 16. Qe3 Qe7 17. Bf3 Rfd8 18. g5 Ne8 19. Nd5 Bxd5 20. cxd5 Nd6 21. Na3 f5 22. gxf6 Bxf6 23. Bg4 Bg5 24. Qe2 h5 25. Be6+ Kg7 26. Nc4 Bf4 27. Nxd6 Qg5+ 28. Kh1 Rxd6 29. Rd3 Kh6 30. Rg1 Qh4 31. Rg2 g5 32. Kg1 Rf8 33. a4 Rf6 34. Bf5 Rf7 35. Qc2 g4 36. hxg4 Rg7 37. Rh3 Qxh3 38. g5+ Rxg5 39. Bxh3 Rdg6 40. Rxg5 1-0

[Event "Warsaw YMCA Winter-B 237th"]
[Site "Warsaw"]
[Date "2021.02.10"]
[Round "4"]
[White "Matyszkiewicz, Wiktor"]
[Black "Mazurek, Jerzy"]
[Result "0-1"]
[WhiteElo "1794"]
[BlackElo "1704"]
[PlyCount "38"]
[EventDate "2021.01.21"]
[EventType "tourn"]
[EventRounds "11"]
[EventCountry "POL"]
[SourceTitle "EXT 2022"]
[Source "ChessBase"]
[SourceDate "2021.10.06"]
[SourceVersion "1"]
[SourceVersionDate "2021.10.06"]
[SourceQuality "1"]

1. e4 c5 2. Nf3 d6 3. d4 cxd4 4. Nxd4 Nf6 5. Nc3 g6 6. f3 Bg7 7. Be3 0-0 8. Qd2 Nc6 9. 0-0-0 d5 10. Nxc6 bxc6 11. Bh6 Be6 12. e5 Nd7 13. h4 Bxe5 14. Bxf8 Nxf8 15. Ne2 Rb8 16. c3 Qa5 17. a3 Bf5 18. Nd4 Qxa3 19. Qc2 Bf4+ 0-1

[Event "Warsaw YMCA Winter-B 225th"]
[Site "Warsaw"]
[Date "2020.03.05"]
[Round "10"]
[White "Szukalski, Antoni"]
[Black "Mazurek, Jerzy"]
[Result "0-1"]
[WhiteElo "1752"]
[BlackElo "1672"]
[PlyCount "134"]
[EventDate "2020.01.09"]
[EventType "tourn"]
[EventRounds "13"]
[EventCountry "POL"]
[SourceTitle "CBM 195 Extra"]
[Source "ChessBase"]
[SourceDate "2020.05.31"]
[SourceVersion "1"]
[SourceVersionDate "2020.05.31"]
[SourceQuality "1"]

1. e4 e5 2. Nf3 Nc6 3. Bb5 a6 4. Ba4 Nf6 5. 0-0 Nxe4 6. Re1 Nc5 7. Bxc6 dxc6 8. Nxe5 Be6 9. d4 Nd7 10. Nc3 Nxe5 11. dxe5 Qxd1 12. Rxd1 Be7 13. Be3 0-0 14. Rd2 Rfd8 15. Rad1 Rxd2 16. Rxd2 Bb4 17. a3 Bxc3 18. bxc3 Kf8 19. h3 Ke8 20. Kf1 Rd8 21. Ke1 Rxd2 22. Kxd2 Kd7 23. g4 Bc4 24. f4 Ke6 25. Bf2 Bf1 26. h4 Bh3 27. g5 Kd5 28. Bd4 g6 29. e6 Kxe6 30. Be5 Kd7 31. c4 c5 32. Kc3 c6 33. a4 b5 34. a5 Bf1 35. cxb5 cxb5 36. Bb8 Ke6 37. Ba7 Kd5 38. Bb6 b4+ 39. Kb3 Kd4 40. Ba7 Bc4+ 41. Kb2 Be6 42. Bb6 Kc4 43. Bd8 Kb5 44. Bc7 c4 45. c3 b3 46. Kc1 Kc6 47. Be5 Kd5 48. Kb2 Ke4 49. Kc1 Kf3 50. Kb2 Kg4 51. Kc1 Kxh4 52. Kb2 Kh5 53. Bg7 Bf5 54. Kc1 Be6 55. Kb2 Kg4 56. Be5 Bf5 57. Kc1 h5 58. gxh6 g5 59. fxg5 Kxg5 60. Bg7 Bg6 61. Bf8 f5 62. Kd2 f4 63. Ba3 Kxh6 64. Bc1 Kg5 65. Ke2 Kf5 66. Kf3 Bh5+ 67. Kf2 Ke4 0-1

[Event "Warsaw YMCA Winter-B 225th"]
[Site "Warsaw"]
[Date "2020.02.06"]
[Round "5"]
[White "Safanowski, Tomasz"]
[Black "Mazurek, Jerzy"]
[Result "1/2-1/2"]
[WhiteElo "1834"]
[BlackElo "1672"]
[PlyCount "31"]
[EventDate "2020.01.09"]
[EventType "tourn"]
[EventRounds "13"]
[EventCountry "POL"]
[SourceTitle "CBM 195 Extra"]
[Source "ChessBase"]
[SourceDate "2020.05.31"]
[SourceVersion "1"]
[SourceVersionDate "2020.05.31"]
[SourceQuality "1"]

1. d4 d5 2. c4 e6 3. Nc3 Be7 4. Bf4 Nf6 5. e3 0-0 6. Rc1 Nbd7 7. Qb3 c5 8. Nf3 cxd4 9. exd4 dxc4 10. Bxc4 Nb6 11. 0-0 Nxc4 12. Qxc4 Nd5 13. Nxd5 Qxd5 14. Qxd5 exd5 15. Rfe1 Bb4 16. Re3 1/2-1/2

[Event "Warsaw YMCA Winter-B 225th"]
[Site "Warsaw"]
[Date "2020.01.16"]
[Round "2"]
[White "Mazurek, Jerzy"]
[Black "Koziol, Pawel"]
[Result "1/2-1/2"]
[WhiteElo "1672"]
[BlackElo "1788"]
[PlyCount "64"]
[EventDate "2020.01.09"]
[EventType "tourn"]
[EventRounds "13"]
[EventCountry "POL"]
[SourceTitle "CBM 195 Extra"]
[Source "ChessBase"]
[SourceDate "2020.05.31"]
[SourceVersion "1"]
[SourceVersionDate "2020.05.31"]
[SourceQuality "1"]

1. d4 Nf6 2. c4 e6 3. Nc3 d5 4. cxd5 exd5 5. Bg5 c6 6. e3 Be7 7. Bd3 0-0 8. Qc2 h6 9. Bh4 a5 10. Nge2 Na6 11. a3 Re8 12. 0-0 Ne4 13. Bxe7 Qxe7 14. Rae1 Nc7 15. Na4 Nf6 16. Nb6 Ra7 17. Ng3 Be6 18. f3 Nd7 19. Na4 b5 20. Nc3 Nb6 21. e4 Qh4 22. Qf2 Raa8 23. e5 b4 24. axb4 axb4 25. Nd1 Rf8 26. f4 f5 27. Qc2 Nc4 28. Nxf5 Bxf5 29. Bxf5 Nb5 30. Bh7+ Kh8 31. g3 Qe7 32. Qd3 Nxd4 1/2-1/2

[Event "Warsaw YMCA Autumn-B 221st"]
[Site "Warsaw"]
[Date "2019.12.04"]
[Round "12"]
[White "Mazurek, Jerzy"]
[Black "Okurowski, Michal"]
[Result "1/2-1/2"]
[WhiteElo "1662"]
[BlackElo "1645"]
[PlyCount "80"]
[EventDate "2019.09.20"]
[EventType "tourn"]
[EventRounds "13"]
[EventCountry "POL"]
[SourceTitle "CBM 195 Extra"]
[Source "ChessBase"]
[SourceDate "2020.05.31"]
[SourceVersion "1"]
[SourceVersionDate "2020.05.31"]
[SourceQuality "1"]

1. e4 e5 2. Nf3 Nc6 3. Bb5 a6 4. Ba4 Bc5 5. 0-0 Nf6 6. Nxe5 Nxe4 7. Qe2 Qe7 8. Qxe4 Nxe5 9. Nc3 Nc6 10. Re1 0-0 11. Nd5 Qxe4 12. Rxe4 Bd6 13. d3 b5 14. Bb3 Bb7 15. Bf4 Na5 16. Bxd6 cxd6 17. Ne7+ Kh8 18. Bd5 Nc6 19. Nf5 g6 20. Nxd6 f5 21. Bxc6 fxe4 22. Bxb7 Rab8 23. Bxe4 Rf6 24. Nb7 Re8 25. g3 b4 26. c4 bxc3 27. bxc3 Rb6 28. c4 Rb2 29. Nc5 d6 30. Nxa6 Re7 31. c5 Ra7 32. cxd6 Rxa6 33. d7 Rd6 34. a4 Rxd7 35. a5 Ra7 36. Kg2 Rf7 37. a6 Rfxf2+ 38. Kg1 Ra2 39. a7 Rxa1+ 40. Kxf2 Rxa7 1/2-1/2